| 000 | 00740nam a2200217 4500 | ||
|---|---|---|---|
| 008 | 210119b ||||| |||| 00| 0 eng d | ||
| 040 |
_bger _cDE-2950 _erda _aDE-2950 |
||
| 041 | _ager | ||
| 100 | _aGröschner, Annett: | ||
| 245 |
_a"Die Spazier-Gaenge von Berlin" Anna Louisa Karsch (1722-1791) / _cAnnett Gröschner |
||
| 264 | _c2022 | ||
| 300 | _a32 S. | ||
| 490 |
_aFrankfurter Buntbücher ; _v71 |
||
| 500 | _aBeiheft "Zum 300. Geburtstag von Anna Louisa Karch" | ||
| 600 | _aKarsch, Anna Luise, 1722 - 1791 | Schriftstellerin; Librettistin | ||
| 773 |
_dFrankfurt (Oder): Kleist-Museum, 2022 _tFrankfurter Buntbücher _gBd. 71, S. 4-30 |
||
| 942 | _cA | ||
| 999 |
_c372599 _d372599 |
||